Raíces económicas del deterioro ecólogico y social: más allá de los dogmas

Guardat en:
Dades bibliogràfiques
Autor principal: Naredo Pérez, José Manuel (autor)
Format: Llibre
Idioma:espanyol
Publicat: Madrid Siglo XXI 2006
Edició:1a. ed
Matèries:
Etiquetes: Afegir etiqueta
Sense etiquetes, Sigues el primer a etiquetar aquest registre!

MARC

LEADER 00000cam a2200000 a 4500
001 UCE5201
003 CL-VaPUC
008 141211e20060500sp |||||||||||||||||spa|d
020 |a 8432312452 
020 |a 9788432312458 
082 0 4 |a 333.72  |b NAR  |2 21 
100 |a Naredo Pérez, José Manuel  |e autor  |9 587788 
245 1 0 |a Raíces económicas del deterioro ecólogico y social: más allá de los dogmas 
250 |a 1a. ed 
300 |a 271 p 
942 |c BK 
945 |d 20141211 14:14:00  |a arojas 
260 |a Madrid  |b Siglo XXI  |c 2006 
650 0 |a Desarrollo sustentable  |9 333905 
650 0 |a Protección ambiental  |9 494361 
650 0 |a Problemas ambientales  |9 381509 
650 0 |a Problemas sociales  |9 258537 
583 |a last modification  |c 20141211 14:14:00  |k Rodrigo Vera 
999 |c 357963  |d 357961 
952 |0 0  |1 0  |3 erb  |4 0  |6 333_720000000000000_NAR_2006  |7 0  |8 A  |9 466160  |a BIBING  |b BIBING  |i 5129184  |o 333.72 NAR 2006  |p 5129184  |r 2025-01-20  |w 2019-11-23  |y BK  |z Catalogado en:20141211  |k GEO